Statistics for Countries Closest to the U. S.

Click here to take the quiz!

General Stats

  • This quiz has been taken 183,684 times
    (144,380 since last reset)
  • The average score is 17 of 22

Answer Stats

DistanceCountry% Correct
0 miCanada
100%
0 miMexico
100%
93 miCuba
95%
1044 miPanama
87%
53 miBahamas
86%
2 miRussia
86%
579 miHaiti
85%
471 miJamaica
84%
665 miDominican Republic
82%
653 miGuatemala
82%
608 miHonduras
82%
953 miCosta Rica
81%
1053 miColombia
80%
578 miBelize
79%
844 miEl Salvador
79%
671 miNicaragua
79%
1121 miVenezuela
76%
1248 miSt. Kitts and Nevis
63%
1366 miJapan
62%
1311 miAntigua and Barbuda
58%
1342 miFrance (Guadeloupe)
40%
1035 miKiribati
27%

Score Distribution

Percentile by Number Answered

Percent of People with Each Score

Your Score History

You have not taken this quiz since the last reset